| 000 | 00790nam a2200217Ia 4500 | ||
|---|---|---|---|
| 003 | IN-BaIIA | ||
| 008 | 211028s9999 xx 000 0 eng d | ||
| 020 | _a978-0-8194-7223-6 | ||
| 040 | _cIIA Library | ||
| 080 |
_a535(082.1) _bSPI-7013 |
||
| 245 | 0 |
_aOptical and infrared interferometry _cedited by Markus Scholler , William C. Danchi and Francoise Delplancke |
|
| 260 |
_aWashington _bThe International Society for Optical Engineering _c2008 |
||
| 300 | _a[various pagings.] | ||
| 650 |
_aAstrometry - congresses _930769 |
||
| 650 |
_aInfrared interferometry - congresses _932712 |
||
| 650 |
_aOptical technology - congresses _932713 |
||
| 700 |
_aDanchi, W. C., ed. _932714 |
||
| 700 |
_aDelplancke, F., ed. _932187 |
||
| 700 |
_aScholler, Markus., ed. _932715 |
||
| 942 | _cBK | ||
| 999 |
_c17343 _d17343 |
||